000 00670nam a2200241Ia 4500
003 OSt
005 20220927105433.0
006 a|||||r|||| 00| 0
007 ta
008 220926b |||||||| |||| 00| 0 eng d
024 _a172593
037 _cReference Collections
040 _aRTL
_cRTL
_beng
041 _2eng
_aeng
082 _a"X62.51.N99r, P0/GD"
110 _aBANK OF GREECE
_9372530
245 0 _aAnnual report 1999.
260 _aAthens
_bBank of Greece.
_c2000
300 _a248p.
_ccm.
700 _aBANK OF GREECE
_9372531
942 _h"X62.51.N99r, P0/GD"
_cCC
999 _c692554
_d692554